=LDR 00000nam 2200000 4500 =001 INLIS000000000015161 =005 20130612110437 =008 ***********************************Ind** =035 ##$$0010-061300000015161 =041 ##$$a Ind =082 ##$$a 2x3 =090 ##$$a 2x3, SUB-t =100 ##$$a Subhani, Syaikhjafar =245 ##$$a Tauhed dan Syirik, Studi kritik faham wahabi, Syaikh Jafar Subhani ; Muhamad Al-Bqir =260 ##$$a 1994 $b Bansung =300 ##$$a 242 hlm, 21 cm =650 ##$$a Aqais Ilmu kalam =700 ##$$a Penerjemah, Muhamad Al-Baqir =850 ##$$a NBPNMAT